Quizzes
Events
Quiz Creation
Community
Videos
Private Events
Remove Ads
Sign In
Join for FREE
Feedback
Dark Mode
Quiz Categories
Sports
Geography
Music
Movies
Television
Just For Fun
Miscellaneous
History
Literature
Language
Science
Gaming
Entertainment
Religion
Holiday
For Kids
Quiz Lab
Recent
Popular Today
Quiz Kudos Today
Editor Picks
Curator Picks
Quizzes by...
Day
Popularity
Type
Ratings
Length
Year
Community
Subscriptions
Recent Discussions
Orange Saloon
Badges
Playlists
Quests
Create
Leaderboards
Showdown
Live 5
Trivia Bingo
Activity
Puzzle Library
Sporcle Events
Private Events
Virtual Trivia
Globe League
Become a Host
Pub Owners
SporcleCon
Opinionation
Our Games
Videos
Blog
Mobile Apps
Partnerships
Remove Ads and Go Orange
Feedback
Geography
Country
Landmarks
City
State
Population
World
Capital
Continent
Flags
Europe
Africa
Asia
South America
North America
Oceania
Border
Canada
United Kingdom
Topography
United States
Geography
Country
Landmarks
City
State
Population
World
Capital
Continent
Flags
Europe
Africa
Asia
South America
North America
Oceania
Border
Canada
United Kingdom
Topography
United States
Random Quiz
Search Sporcle
×
Curator Pick
Curator Pick
Geography
Population
Type in answers that appear in a list
Type in answers that appear in a list
Classic
Best Score? Go Orange.
Largest Vowel City by Country Stats
Can you name the largest cities beginning with a vowel by country (population > 100,000)?
By
viator_mundi
12m
79 Questions
2,265 Plays
2,265 Plays
2,265 Plays
Comments
Comments
Give Quiz Kudos
Give Quiz Kudos
-
- Ratings
hide this ad
More Info
Replay
Link that replays current quiz
Next Quiz
Link to next quiz in quiz playlist
You Got
0%
They Got
Avg Score
42%
Avg Friend Score
Upgrade to see
Score Distribution
Jump to the score distribution portion of the page
Score
0/79
Timer
12:00
0
Plays Today
Country
City
% Correct
Turkey
İstanbul
97.2%
Greece
Athens
93.4%
Kyrgyzstan
Osh
90.7%
Ethiopia
Addis Ababa
88.3%
Egypt
Alexandria
87.9%
Algeria
Algiers
85.3%
Canada
Ottawa
85.3%
Japan
Osaka
84.9%
Netherlands
Amsterdam
84.2%
Norway
Oslo
84.1%
Jordan
Amman
82.6%
Ghana
Accra
82.2%
Mongolia
Ulaanbaatar
79.9%
UAE
Abu Dhabi
79.1%
Australia
Adelaide
78.1%
New Zealand
Auckland
77.9%
Pakistan
Islamabad
76.8%
Madagascar
Antananarivo
76.1%
Paraguay
Asunción
73.1%
Côte d'Ivoire
Abidjan
71.3%
Syria
Aleppo
71.1%
Belgium
Antwerp
71%
Burkina Faso
Ouagadougou
69.2%
Ukraine
Odessa
68.1%
Kazakhstan
Almaty
67.1%
Turkmenistan
Ashgabat
65.8%
United Kingdom
Edinburgh
64.5%
Eritrea
Asmara
64.4%
United States
Indianapolis
63.5%
India
Ahmedabad
61.7%
Germany
Essen
61.7%
South Korea
Incheon
60.6%
Russia
Omsk
53.4%
Nigeria
Ibadan
52.5%
Denmark
Aarhus
51.6%
Yemen
Aden
49.9%
Iran
Esfahan
47.7%
Finland
Espoo
47.5%
Sudan
Omdurman
40.5%
Austria
Innsbruck
40.3%
Country
City
% Correct
China
Ürümqi
39%
Spain
Alicante
37.7%
Sweden
Uppsala
35.4%
Czech Republic
Ostrava
35.1%
Peru
Arequipa
34.8%
Mexico
Ecatepec
33.7%
Romania
Iași
32.5%
Iraq
Erbil
31.1%
Bolivia
El Alto
25.7%
France
Angers
24.8%
Chile
Antofagasta
20.4%
Italy
Ancona
18.5%
Portugal
Amadora
16.3%
South Africa
East London
15.3%
Tanzania
Arusha
11.3%
Malaysia
Ipoh
11.2%
Israel
Ashdod
10.1%
Poland
Olsztyn
9.8%
Morocco
Oujda
8.1%
Brazil
Osasco
7.3%
Colombia
Ibagué
6.1%
Philippines
Antipolo
6.1%
Niger
Agadez
6.1%
Indonesia
Ambon
6%
Uzbekistan
Andijan
5.1%
Kenya
Eldoret
5%
Belarus
Orsha
4.9%
Thailand
Udon Thani
4.8%
Qatar
Al Rayyan
4.2%
Benin
Abomey-Calavi
3.4%
Venezuela
El Tigre
3.2%
Ecuador
Ambato
2.9%
DR Congo
Uvira
2.6%
Honduras
El Progreso
2.3%
North Korea
Anju
2%
El Salvador
Apopa
1.9%
Zimbabwe
Epworth
1.8%
Argentina
Isidro Casanova
0.9%
Bangladesh
Abhaynagar
0.7%
Quiz Playlist
Details
Report
Send in Message
Add To Playlist
More Info:
Common English spellings used to determine whether or not a city begins with a vowel
Classic:
Type in answers that appear in a list
Quiz Source
Last Updated: Dec 13, 2018
Curator Pick in
Population
Quiz Scoreboard
CHALLENGE
Sign Up to Join the Scoreboard
Show All
Scores
Hide
Comments
May contain spoilers
Recently Published
College Basketball Coaching Resumes
by pancakes188
Sports
9m
Billboard Blitz: Fleetwood Mac
by CooCooCachoo
Music
15s
Presidents Visiting Landmarks
by Hejman
History
7m
More to Explore
Quiz From the Vault
Featured Blog Post
Where Did the Easter Bunny Come From?
hide this ad
You Might Also Like...
Tags
Africa Quiz
Asia Quiz
City Quiz
Country Quiz
Europe Quiz
North America Quiz
Population Quiz
South America Quiz
World Quiz
100
largest
Vowel
Today's Top Quizzes in Geography
Browse Geography
hide this ad
Today's Top Quizzes in Population
Browse Population
Top Contributed Quizzes in Geography
1
Countries of the World - No Outlines Minefield
2
Top 25 Cities of France on a map
3
Any capital of a 'B' country per Continent
4
Any capital of a 'C' country per Continent
5
Closest Countries to UK A-Z
6
Any capital of a 'D' country per Continent
7
5-to-1: US Geography No Hints
8
Any capital of an 'E' country per Continent
9
One Thing in Common: United Kingdom
10
Click the Alabama Counties! (Map)
Explore More
Trending Topics
Kpop
Crossword
NBA
Disney
Harry Potter
Anime
Marvel
WWE
The Office
Puzzle
Soccer
Country
NFL
Song
Pokémon
hide this ad
More By:
viator_mundi
Quiz
Plays
Rating
Category
Featured
Created
20 Least Densely Populated Countries
114,330
4.35
Geography
Nov 11, 2013
10 Cities North of Cleveland (Blitz)
57,494
3.99
Geography
Apr 7, 2016
Top 10 European Cities by Name Length
35,372
4.42
Geography
Mar 31, 2015
Top 'S' Cities by State
30,412
4.35
Geography
Jan 15, 2014
20+ International Goals (UEFA)
14,321
4.76
Sports
Aug 20, 2015
Go to Creator's Profile
Score Distribution
Quiz Creator Spotlight
viator_mundi
Follow
Send a Message
Quizzes Created
-
Created Quiz Play Count
-
More By This Creator
Popular Quizzes Today
1
Find the US States - No Outlines Minefield
2
Find the Countries of Europe - No Outlines Minefield
3
The Countries of the World
4
Find the US States
5
Risky Map Clicking: Biggest States A-Z
6
US States
7
Popular People in 1961
8
Movies - When Are They Set?
More Geography Quizzes
The Cambodia Quiz
Published
Trending Quizzes
Risky Map Clicking: Least Populous States A-Z
1-10 Letter G Words
1-10 Letter F Words
Risky Map Clicking: Next State Alphabetically
Click the Washington State Counties! (Map)
Recently Updated
Leaping Animals
pecheneg
Reality TV Shows (A-Z)
bhenderson79
Rickey Henderson's Hall of Fame Teammates
pecheneg
Champions League XIs: Arsenal
pecheneg
Quick Pick: Celebrities in WWE's Hall of Fame
aduchscher
A-Z Keypad Blitz II
pecheneg
Multiple Oscar Actors
pecheneg
Mystery Phrase Blitz: Oscar 'Best Actors'
pecheneg
F. Scott Fitzgerald Novels
LTH
Pick 3 Villains
ddd62291
Trending Topics
Marvel
Crossword
Anime
Kpop
NBA
Harry Potter
Disney
Soccer
The Office
NFL
Pokémon
Song
WWE
Puzzle
Country
Your Account Isn't Verified!
In order to create a playlist on Sporcle, you need to verify the email address you used during registration. Go to your
Sporcle Settings
to finish the process.
Report this User
Report this user for behavior that violates our
Community Guidelines
.
Details:
Send Report
Go to the Sporcle.com Mobile Site →
Comments